<?xml version="1.0" encoding="UTF-8"?>
<record
    xmlns:xsi="http://www.w3.org/2001/XMLSchema-instance"
    xsi:schemaLocation="http://www.loc.gov/MARC21/slim http://www.loc.gov/standards/marcxml/schema/MARC21slim.xsd"
    xmlns="http://www.loc.gov/MARC21/slim">

  <leader>01277nam a22001577a 4500</leader>
  <controlfield tag="008">140610b        xxu||||| |||| 00| 0 eng d</controlfield>
  <datafield tag="020" ind1=" " ind2=" ">
    <subfield code="a">0672324091</subfield>
  </datafield>
  <datafield tag="050" ind1=" " ind2=" ">
    <subfield code="a">TK5105.888.B369</subfield>
  </datafield>
  <datafield tag="100" ind1=" " ind2=" ">
    <subfield code="a">BARTLETT, Kynn.</subfield>
  </datafield>
  <datafield tag="245" ind1=" " ind2=" ">
    <subfield code="a">SAMS Teach yourself CSS in 24 Hours. /</subfield>
    <subfield code="c">Kynn Bartlett.</subfield>
  </datafield>
  <datafield tag="260" ind1=" " ind2=" ">
    <subfield code="a">U.S.A.:</subfield>
    <subfield code="b">SAMS Publishing,</subfield>
    <subfield code="c">2002.</subfield>
  </datafield>
  <datafield tag="300" ind1=" " ind2=" ">
    <subfield code="a">xv, 468p.;</subfield>
    <subfield code="b">ills. :</subfield>
    <subfield code="c">23cm.</subfield>
  </datafield>
  <datafield tag="500" ind1=" " ind2=" ">
    <subfield code="a">Includes index, glossary and appendix.</subfield>
  </datafield>
  <datafield tag="505" ind1=" " ind2=" ">
    <subfield code="a">Contents: Introduction to cascading style sheets: Understanding cascading style sheets -- Getting started with CSS -- Browser support for CSS -- Using CSS with HTML -- Core principles of CSS: Selectors -- The CSS box model -- Cascading and inheritance -- Styling with CSS: Fonts and font families -- Text colors and effects -- Backgrounds and background colors -- Styling links -- Alignment and spacing -- Borders and boxes -- Lists -- Styling tables -- Page layout in CSS -- Advanced CSS layout -- Web design with CSS -- Advanced cascading style sheets: Advanced selectors -- CSS for printing -- Accessibility and internationalization -- User interface and generated content -- CSS and JavaScript -- CSS and XML -- Appendixes: How to read w3c recommendations -- Replacing presntation HTML wish CSS -- Glossary -- Index.</subfield>
  </datafield>
  <datafield tag="942" ind1=" " ind2=" ">
    <subfield code="2">lcc</subfield>
    <subfield code="c">BK</subfield>
  </datafield>
  <datafield tag="999" ind1=" " ind2=" ">
    <subfield code="c">2985</subfield>
    <subfield code="d">10485</subfield>
  </datafield>
  <datafield tag="952" ind1=" " ind2=" ">
    <subfield code="0">0</subfield>
    <subfield code="1">0</subfield>
    <subfield code="2">lcc</subfield>
    <subfield code="4">0</subfield>
    <subfield code="7">0</subfield>
    <subfield code="a">WIUC-1</subfield>
    <subfield code="b">WIUC-1</subfield>
    <subfield code="c">REF</subfield>
    <subfield code="d">2014-06-10</subfield>
    <subfield code="l">0</subfield>
    <subfield code="o">TK5105.888.B369</subfield>
    <subfield code="p">7199/224/13</subfield>
    <subfield code="r">2014-06-10 00:00:00</subfield>
    <subfield code="t">1</subfield>
    <subfield code="w">2014-06-10</subfield>
    <subfield code="y">BK</subfield>
  </datafield>
</record>
